[Event "Chigorin Memorial"]
[Site "St Petersburg RUS"]
[Date "2012.10.27"]
[Round "1.58"]
[White "Mrykhin, Igor"]
[Black "Soffer, Ram"]
[Result "0-1"]
[BlackTitle "GM"]
[WhiteElo "2110"]
[BlackElo "2506"]
[WhiteFideId "24168106"]
[BlackFideId "2800101"]
[EventDate "2012.10.27"]

1. e4 c5 2. d4 cxd4 3. c3 dxc3 4. Nxc3 Nc6 5. Nf3 d6 6. Bc4 a6 7. O-O Nf6 8. Qe2
Bg4 9. Rd1 e6 10. Bf4 Qa5 11. h3 Bxf3 12. Qxf3 Be7 13. a3 Ne5 14. Qe2 Rc8 15.
Ba2 O-O 16. Bd2 Qc7 17. Rac1 Qb8 18. f4 Ng6 19. Be3 Rfe8 20. Qf2 b5 21. g4 Rxc3
22. bxc3 Nxe4 23. Qf3 d5 24. a4 Nh4 25. Qf1 bxa4 26. Rc2 Qc7 27. Qxa6 Bc5 28.
Bxc5 Qxc5+ 29. Kh2 Qe3 30. Qf1 Nf3+ 31. Kg2 Nh4+ 32. Kh2 Nd2 33. Rdxd2 Nf3+ 34.
Kh1 Nxd2 35. Qg2 Qe1+ 0-1

[Event "Chigorin Memorial"]
[Site "St Petersburg RUS"]
[Date "2012.10.27"]
[Round "1.59"]
[White "Mozharov, Mikhail"]
[Black "Kostyuchenko, Vladimir"]
[Result "1-0"]
[WhiteTitle "IM"]
[WhiteElo "2505"]
[BlackElo "2101"]
[WhiteFideId "4189825"]
[BlackFideId "4126084"]
[EventDate "2012.10.27"]

1. Nf3 c5 2. g3 Nc6 3. Bg2 e5 4. d3 Nf6 5. O-O Be7 6. e4 O-O 7. Na3 d5 8. exd5
Nxd5 9. Re1 f6 10. Nc4 b5 11. Ne3 Nxe3 12. Bxe3 Bg4 13. h3 Be6 14. Nd2 Qd7 15.
Kh2 Rac8 16. Ne4 Nd4 17. f4 exf4 18. Bxf4 Bd5 19. c3 Ne6 20. Nd6 Nxf4 21. Nxc8
Rxc8 22. gxf4 Bf7 23. Qf3 Bd6 24. Kh1 Qc7 25. Rf1 Re8 26. Rae1 Rxe1 27. Rxe1
Bxf4 28. Qa8+ Qb8 29. Qxb8+ Bxb8 30. Re7 1-0

[Event "Chigorin Memorial"]
[Site "St Petersburg RUS"]
[Date "2012.10.27"]
[Round "1.60"]
[White "Pershin, Denis"]
[Black "Ajrapetjan, Yuriy"]
[Result "0-1"]
[BlackTitle "GM"]
[WhiteElo "2100"]
[BlackElo "2502"]
[WhiteFideId "24165506"]
[BlackFideId "14109069"]
[EventDate "2012.10.27"]

1. e4 g6 2. d4 Bg7 3. Nc3 c6 4. Nf3 d6 5. a4 Nf6 6. a5 O-O 7. Be2 Nbd7 8. Be3 e5
9. dxe5 dxe5 10. a6 b5 11. Qd6 Nb8 12. Bc5 Nfd7 13. Bb4 Re8 14. Ba5 Qf6 15. Qxf6
Nxf6 16. b4 Nxa6 17. O-O Bf8 18. Rab1 Bb7 19. Nd2 Rac8 20. f3 Nc7 21. Nb3 Ne6
22. Rfd1 a6 23. Na2 h5 24. c4 h4 25. c5 Ra8 26. Rb2 Bc8 27. Bb6 Nd7 28. Ba5 Ra7
29. Kf2 Be7 30. Rbd2 f5 31. Nc3 Nf6 32. Bb6 Rd7 33. Rxd7 Nxd7 34. Ba5 Nf6 35.
Bd3 Nd4 36. Nc1 Bd8 37. Bxd8 Rxd8 38. N1e2 Kg7 39. Ke3 f4+ 40. Kf2 h3 41. Bb1
Ne6 42. g3 fxg3+ 43. Kxg3 Nh5+ 44. Kf2 Rf8 45. Ke3 Ng5 46. Ng1 Nf4 47. Bd3 Nge6
48. Nce2 Ng2+ 49. Kf2 Ng5 50. Nc3 Bg4 51. Be2 Nf4 52. Rf1 Be6 53. Ra1 Bc8 54.
Bf1 Nh5 55. Ke3 Nf4 56. Nce2 Nxe2 57. Bxe2 Ne6 58. Rf1 Nd4 59. Bd1 g5 60. Ne2
Rd8 61. Ng3 Be6 62. Rf2 a5 63. bxa5 Ra8 64. Ne2 Rxa5 65. Nxd4 Ra3+ 66. Kd2 exd4
67. Ke1 Re3+ 68. Kd2 Kf6 69. f4 Rxe4 70. fxg5+ Kxg5 71. Rf1 Rf4 72. Rg1+ Kf6 0-1

[Event "Chigorin Memorial"]
[Site "St Petersburg RUS"]
[Date "2012.10.27"]
[Round "1.61"]
[White "Rozum, Ivan"]
[Black "Baglaev, Evgeniy"]
[Result "1-0"]
[WhiteTitle "IM"]
[WhiteElo "2498"]
[BlackElo "2099"]
[WhiteFideId "24104272"]
[BlackFideId "4195612"]
[EventDate "2012.10.27"]

1. Nf3 Nf6 2. c4 e6 3. Nc3 d5 4. d4 Be7 5. Bg5 h6 6. Bh4 O-O 7. e3 Ne4 8. Bxe7
Qxe7 9. Rc1 c6 10. h4 Nd7 11. g4 e5 12. cxd5 Nxc3 13. Rxc3 cxd5 14. g5 h5 15.
dxe5 Nxe5 16. Be2 Bg4 17. Nxe5 Bxe2 18. Qd4 Rfe8 19. f4 Bg4 20. g6 fxg6 21. Nxg4
hxg4 22. Qxd5+ Qe6 23. Qxe6+ Rxe6 24. Rg1 Rd8 25. Rxg4 Red6 26. Rc2 Rd1+ 27. Ke2
Rh1 28. Rc7 Rh2+ 29. Kf3 Rh3+ 30. Rg3 Rxh4 31. Rxg6 Rh3+ 32. Kg4 Rxe3 33. Rgxg7+
Kh8 34. Rh7+ Kg8 35. Rcg7+ Kf8 36. Rxb7 Kg8 37. Rbg7+ 1-0

[Event "Chigorin Memorial"]
[Site "St Petersburg RUS"]
[Date "2012.10.27"]
[Round "1.63"]
[White "Neverov, Valeriy"]
[Black "Aseev, Vladimir"]
[Result "1-0"]
[WhiteTitle "GM"]
[WhiteElo "2494"]
[BlackElo "2095"]
[WhiteFideId "14100150"]
[BlackFideId "24121371"]
[EventDate "2012.10.27"]

1. d4 d5 2. c4 e5 3. dxe5 d4 4. Nf3 Nc6 5. g3 Nge7 6. Bg5 h6 7. Bxe7 Bxe7 8. Bg2
Be6 9. Nbd2 Qd7 10. O-O g5 11. Qb3 Rb8 12. Rad1 g4 13. Nh4 Nxe5 14. f4 gxf3 15.
Ndxf3 Nxf3+ 16. Nxf3 c5 17. Ne5 Qc7 18. Qb5+ Bd7 19. Qxd7+ Qxd7 20. Nxd7 Kxd7
21. e3 Ke8 22. exd4 cxd4 23. Rf5 b6 24. Kf1 Bc5 25. a3 a5 26. Rb1 Kf8 27. b4
axb4 28. axb4 Be7 29. Bd5 Rh7 30. Ke2 Bg5 31. Rbf1 Rd8 32. Rxf7+ Rxf7 33. Rxf7+
Ke8 34. Rb7 Rd6 35. Kd3 Be3 36. b5 Rf6 37. Bc6+ Kd8 38. Rxb6 Rf2 39. Rb8+ Kc7
40. Rb7+ Kd6 41. Rd7+ Ke5 42. Rd5+ Ke6 43. b6 Rd2+ 44. Ke4 Re2 45. b7 1-0

[Event "Chigorin Memorial"]
[Site "St Petersburg RUS"]
[Date "2012.10.27"]
[Round "1.64"]
[White "Pyatin, Alexander"]
[Black "Stukopin, Andrey"]
[Result "1/2-1/2"]
[BlackTitle "IM"]
[WhiteElo "2091"]
[BlackElo "2494"]
[WhiteFideId "24125920"]
[BlackFideId "24107131"]
[EventDate "2012.10.27"]

1. e4 c5 2. Ne2 Nc6 3. d4 cxd4 4. Nxd4 e5 5. Nf3 Nf6 6. Nc3 Bb4 7. Bc4 O-O 8.
O-O d6 9. Bg5 Bxc3 10. bxc3 h6 11. Bxf6 Qxf6 12. Qd3 Rd8 13. Rab1 Rb8 14. Bd5
Ne7 15. c4 b6 16. Nd2 Ng6 17. Kh1 Nf4 18. Qe3 Ne6 19. a4 Qe7 20. a5 Qc7 21. axb6
axb6 22. Rb2 Nc5 23. Rfb1 Bd7 24. Qa3 Bc6 25. Rb4 Ra8 26. Qb2 Nd7 27. Nf1 Ra6
28. Ne3 Rda8 29. h3 Ra2 30. Qc3 R8a6 31. Nf5 Bxd5 32. Ne7+ Kf8 33. Nxd5 Qc5 34.
f3 Qf2 35. R4b2 g6 36. Rxa2 Rxa2 37. Nb4 Ra4 38. Nd5 Qc5 39. Rb4 Ra7 40. Kh2 Qf2
41. Qe3 Qxe3 42. Nxe3 Ke8 43. c3 Ra3 44. Nd5 Kd8 45. g4 Kc8 1/2-1/2

[Event "Chigorin Memorial"]
[Site "St Petersburg RUS"]
[Date "2012.10.27"]
[Round "1.65"]
[White "Eliseev, Urii"]
[Black "Gogolev, Artem"]
[Result "1-0"]
[WhiteTitle "IM"]
[WhiteElo "2486"]
[BlackElo "2090"]
[WhiteFideId "24131920"]
[BlackFideId "4116615"]
[EventDate "2012.10.27"]

1. e4 c5 2. Nf3 e6 3. d4 cxd4 4. Nxd4 a6 5. Bd3 Qc7 6. O-O Nf6 7. Qe2 d6 8. f4
Nbd7 9. c4 Be7 10. Kh1 b6 11. Nc3 Bb7 12. f5 e5 13. Nb3 Nc5 14. Nxc5 dxc5 15.
Bd2 Nd7 16. Rf3 Nb8 17. Nd5 Qd8 18. Rg3 Bf6 19. Bc2 Bxd5 20. cxd5 Qd6 21. a4 a5
22. Bd3 Nd7 23. Bb5 h6 24. Bc6 Rb8 25. Raa3 Ke7 26. Rab3 Bg5 27. Bc3 Nf6 28. Rf3
Rhc8 29. g3 h5 30. Bb5 Rh8 31. h3 h4 32. g4 Rhd8 33. Be1 Ne8 34. Bc6 Qc7 35.
Bxe8 Kxe8 36. Bf2 Rd6 37. Qb5+ Ke7 38. Bxc5 1-0

[Event "Chigorin Memorial"]
[Site "St Petersburg RUS"]
[Date "2012.10.27"]
[Round "1.66"]
[White "Mamedov, Elmin"]
[Black "Oparin, Grigoriy"]
[Result "0-1"]
[BlackTitle "IM"]
[WhiteElo "2088"]
[BlackElo "2484"]
[WhiteFideId "24117331"]
[BlackFideId "24125890"]
[EventDate "2012.10.27"]

1. e4 c5 2. Ne2 d6 3. Nbc3 Nf6 4. g3 Nc6 5. Bg2 g6 6. O-O Bg7 7. f4 O-O 8. d3
Rb8 9. h3 Bd7 10. g4 b5 11. g5 Nh5 12. Nd5 e6 13. Ne3 f6 14. gxf6 Qxf6 15. Qe1
Nd4 16. Nxd4 Qxd4 17. Qh4 Qf6 18. Qxf6 Rxf6 19. Ng4 Rf7 20. Be3 Kh8 21. e5 Ng3
22. Rf3 Nf5 23. exd6 Nxe3 24. Nxe3 Bxb2 25. Re1 Rb6 26. Ng4 Rxd6 27. Ne5 Rf6 28.
Kf1 Bc3 29. Nxd7 Rxd7 30. Rb1 b4 31. Rb3 Rd6 32. a3 Ra6 33. axb4 Ra1+ 34. Ke2
cxb4 0-1

[Event "Chigorin Memorial"]
[Site "St Petersburg RUS"]
[Date "2012.10.27"]
[Round "1.68"]
[White "Lobanov, Sergei"]
[Black "Moiseenko, Vadim"]
[Result "0-1"]
[WhiteElo "2081"]
[BlackElo "2477"]
[WhiteFideId "24183750"]
[BlackFideId "4123700"]
[EventDate "2012.10.27"]

1. e4 d6 2. d4 Nf6 3. Nc3 g6 4. f4 Bg7 5. Nf3 O-O 6. Bd3 Nc6 7. O-O Bg4 8. Be3
e5 9. fxe5 dxe5 10. dxe5 Nxe5 11. Be2 Re8 12. Qe1 Nxf3+ 13. gxf3 Bh3 14. Rf2 Nh5
15. Rd1 Qh4 16. Nd5 Rac8 17. Qd2 Re5 18. Nf4 Rg5+ 19. Ng2 Rxg2+ 20. Rxg2 Bxg2
21. Kxg2 Be5 22. Rh1 Bf4 23. Bxf4 Nxf4+ 24. Kf1 Rd8 25. Bd3 Qh3+ 26. Kf2 Qg2+
27. Ke3 Qxh1 28. Kxf4 Qg1 29. b3 Rd6 30. Qc3 g5+ 31. Ke5 Qe3 0-1

[Event "Chigorin Memorial"]
[Site "St Petersburg RUS"]
[Date "2012.10.27"]
[Round "1.69"]
[White "Popilski, Gil"]
[Black "Zamyshlyaev, Anatoly"]
[Result "1-0"]
[WhiteTitle "IM"]
[WhiteElo "2475"]
[BlackElo "2080"]
[WhiteFideId "2809060"]
[BlackFideId "4199308"]
[EventDate "2012.10.27"]

1. d4 e6 2. c4 d5 3. Nf3 c5 4. cxd5 exd5 5. g3 Nf6 6. Bg2 Be7 7. O-O O-O 8. Nc3
Nc6 9. Bf4 Bg4 10. dxc5 Bxc5 11. Rc1 Be7 12. Ne5 Be6 13. Qd2 Nxe5 14. Bxe5 Nd7
15. Bd4 Re8 16. Nxd5 Bg5 17. e3 Nf6 18. Nc7 1-0

[Event "Chigorin Memorial"]
[Site "St Petersburg RUS"]
[Date "2012.10.27"]
[Round "1.72"]
[White "Trapeznikova, Darya"]
[Black "Raznikov, Danny"]
[Result "0-1"]
[BlackTitle "IM"]
[WhiteElo "2072"]
[BlackElo "2465"]
[WhiteFideId "24121118"]
[BlackFideId "2811154"]
[EventDate "2012.10.27"]

1. e4 c5 2. Nf3 d6 3. d4 cxd4 4. Nxd4 Nf6 5. Nc3 a6 6. h3 e6 7. g4 Be7 8. Bg2
Nfd7 9. O-O O-O 10. Be3 Nc6 11. a4 Nde5 12. b3 Qc7 13. f4 Nxd4 14. Bxd4 Nc6 15.
g5 d5 16. Kh1 dxe4 17. Bxe4 Nxd4 18. Qxd4 Bd7 19. Rad1 Rfd8 20. Qe3 Bc6 21. Ne2
e5 22. h4 exf4 23. Nxf4 Bc5 24. Qf3 Bxe4 25. Qxe4 Re8 26. Qf5 Rad8 27. Rxd8 Rxd8
28. Nd3 Bd4 29. c4 g6 30. Qf3 Bg7 31. Nf4 Rd4 32. Kg2 Qd7 33. Re1 h5 34. gxh6
Bxh6 35. Nd5 Qg4+ 36. Qxg4 Rxg4+ 37. Kh3 Rd4 38. Re8+ Kg7 39. Kg2 Rd2+ 40. Kf3
Rd3+ 41. Ke4 Rxb3 42. Rb8 Rb1 43. c5 f5+ 44. Kf3 Rb3+ 45. Kf2 Rb2+ 46. Kf3 Bc1
47. Nb6 Rb3+ 48. Kg2 Be3 49. Rxb7+ Kh6 50. c6 Rxb6 51. c7 Rc6 0-1

[Event "Chigorin Memorial"]
[Site "St Petersburg RUS"]
[Date "2012.10.27"]
[Round "1.73"]
[White "Fomichenko, Eduard"]
[Black "Korchagina, Viktoria"]
[Result "1-0"]
[WhiteTitle "IM"]
[BlackTitle "WFM"]
[WhiteElo "2460"]
[BlackElo "2071"]
[WhiteFideId "4132700"]
[BlackFideId "4197224"]
[EventDate "2012.10.27"]

1. Nf3 Nf6 2. c4 g6 3. Nc3 Bg7 4. e4 c5 5. d4 cxd4 6. Nxd4 d6 7. Be2 O-O 8. O-O
Nc6 9. Be3 Bd7 10. Qd2 Rc8 11. f3 a6 12. Rac1 Nxd4 13. Bxd4 Bc6 14. b4 Ne8 15.
Be3 Nc7 16. a4 f5 17. exf5 gxf5 18. Rfd1 Bxc3 19. Qxc3 Bxa4 20. Rd2 f4 21. Bf2
Bd7 22. c5 d5 23. Bd3 e6 24. Re1 Qf6 25. Bd4 Qh4 26. Qc1 Nb5 27. Ba1 Kf7 28.
Rde2 Na7 29. Qc3 Rg8 30. Qe5 Nc6 31. Qd6 Qe7 32. Qxf4+ Ke8 33. Qh6 Qg5 34. Rxe6+
Bxe6 35. Qxe6+ Ne7 36. Qxc8+ Kf7 37. Qe6+ Ke8 38. g3 1-0

[Event "Chigorin Memorial"]
[Site "St Petersburg RUS"]
[Date "2012.10.27"]
[Round "1.74"]
[White "Popelyshev, Igor V."]
[Black "Pakhomov, Egor"]
[Result "0-1"]
[BlackTitle "IM"]
[WhiteElo "2071"]
[BlackElo "2458"]
[WhiteFideId "24116610"]
[BlackFideId "24129542"]
[EventDate "2012.10.27"]

1. e4 c5 2. Nc3 Nc6 3. f4 e6 4. Nf3 Nge7 5. d3 d6 6. g3 g6 7. Bg2 Bg7 8. O-O O-O
9. Be3 Rb8 10. g4 Nd4 11. Qd2 f5 12. gxf5 exf5 13. Bxd4 cxd4 14. Nd5 fxe4 15.
dxe4 Nxd5 16. exd5 Qb6 17. Rad1 d3+ 18. Kh1 dxc2 19. Qxc2 Bf5 20. Qa4 Qxb2 21.
Rd2 Qc3 22. Qxa7 Bd3 23. Rfd1 Be4 24. Ng5 Bc2 25. Ne6 Bxd1 26. Rxd1 Rfc8 27. Qb6
Qa3 28. Qb5 Rc1 29. Rxc1 Qxc1+ 30. Bf1 Bf6 31. Kg2 Qb2+ 32. Qxb2 Bxb2 33. Bc4
Rc8 34. Bb3 Bf6 35. Kf2 Rc3 36. Kg2 Kf7 37. Kf2 h6 38. Kg2 g5 39. fxg5 hxg5 40.
Kg1 Kg6 41. Kg2 Kf5 42. Kg1 g4 43. Kg2 Be5 0-1

[Event "Chigorin Memorial"]
[Site "St Petersburg RUS"]
[Date "2012.10.27"]
[Round "1.76"]
[White "Suvorov, Aleksandr"]
[Black "Debashis, Das"]
[Result "0-1"]
[BlackTitle "IM"]
[WhiteElo "2065"]
[BlackElo "2454"]
[WhiteFideId "24140953"]
[BlackFideId "5024854"]
[EventDate "2012.10.27"]

1. d4 Nf6 2. c4 c6 3. Nc3 d5 4. Nf3 e6 5. Bg5 h6 6. Bxf6 Qxf6 7. e3 g6 8. Ne5
Bg7 9. f4 Qh4+ 10. g3 Qe7 11. c5 Nd7 12. Bd3 Nxe5 13. fxe5 Bd7 14. O-O O-O 15.
b4 f6 16. exf6 Rxf6 17. Rxf6 Qxf6 18. Qg4 g5 19. Rf1 Qe7 20. Qh5 Be8 21. Qf3 Rd8
22. Ne2 b6 23. e4 bxc5 24. dxc5 Rb8 25. a3 a5 26. Qe3 axb4 27. axb4 Rxb4 28. e5
Bh5 29. Nd4 Qxc5 0-1

[Event "Chigorin Memorial"]
[Site "St Petersburg RUS"]
[Date "2012.10.27"]
[Round "1.77"]
[White "Hayrapetyan, Hovik"]
[Black "Ivanov, Sergei V."]
[Result "1-0"]
[WhiteTitle "IM"]
[WhiteElo "2450"]
[BlackElo "2060"]
[WhiteFideId "13302639"]
[BlackFideId "24170003"]
[EventDate "2012.10.27"]

1. d4 f5 2. c4 Nf6 3. Nc3 g6 4. h4 e6 5. Nf3 b6 6. Bg5 h6 7. Bf4 d6 8. Qd2 Bb7
9. O-O-O Nbd7 10. e3 Bg7 11. Bd3 O-O 12. Qc2 Qe7 13. e4 fxe4 14. Nxe4 Nxe4 15.
Bxe4 d5 16. Bg5 hxg5 17. Bxg6 g4 18. Ng5 Bh6 19. Kb1 dxc4 20. Rde1 Bd5 21. Be4
Bxe4 22. Rxe4 Nf6 23. Rxe6 Qg7 24. Re5 Rfe8 25. Qxc4+ Kh8 26. Nf7+ Kh7 27. Rg5
Qf8 28. Qd3+ Re4 29. Nxh6 Rd8 30. Nf5 Kh8 31. f3 gxf3 32. gxf3 Re6 33. Rhg1 c5
34. d5 Re5 35. Qc3 Rdxd5 36. Ne3 Rxg5 37. hxg5 1-0

[Event "Chigorin Memorial"]
[Site "St Petersburg RUS"]
[Date "2012.10.27"]
[Round "1.80"]
[White "Potyavin, Igor"]
[Black "Atabayev, Maksat"]
[Result "0-1"]
[BlackTitle "FM"]
[WhiteElo "2049"]
[BlackElo "2446"]
[WhiteFideId "4188233"]
[BlackFideId "14001101"]
[EventDate "2012.10.27"]

1. d4 Nf6 2. c4 c5 3. d5 e6 4. Nc3 exd5 5. cxd5 d6 6. e4 g6 7. Bb5+ Nbd7 8. a4
a6 9. Be2 Bg7 10. Nf3 O-O 11. O-O Re8 12. Nd2 Qc7 13. Ra3 Rb8 14. Qc2 c4 15. a5
b5 16. axb6 Nxb6 17. Re1 Nfd7 18. Nd1 Ne5 19. Ne3 Qc5 20. f4 Nxd5 21. exd5 Bf5
22. Qd1 Nd3 23. Nxc4 Nxc1 24. Qxc1 Bxb2 25. Nxb2 Qxa3 26. Nxf5 gxf5 27. Nd3 Qxc1
28. Nxc1 Rb1 29. Kf1 a5 30. Na2 Rb2 31. Nc3 Rb3 32. Nb5 Rxe2 33. Rxe2 Rxb5 34.
Rd2 Rb4 35. g3 Kf8 36. Ke2 h5 37. Ke3 Re4+ 38. Kd3 h4 39. Rc2 h3 40. Rc7 Ra4 41.
Rd7 Ra2 42. Rxd6 Rxh2 43. Ra6 Rh1 44. Rxa5 h2 45. Ke2 0-1

[Event "Chigorin Memorial"]
[Site "St Petersburg RUS"]
[Date "2012.10.27"]
[Round "1.81"]
[White "Socko, Monika"]
[Black "Koshil, Tikhon"]
[Result "1-0"]
[WhiteTitle "GM"]
[WhiteElo "2445"]
[BlackElo "2048"]
[WhiteFideId "1106619"]
[BlackFideId "4126637"]
[EventDate "2012.10.27"]

1. d4 Nf6 2. c4 g6 3. Nc3 Bg7 4. e4 d6 5. f3 O-O 6. Be3 Nbd7 7. Qd2 e5 8. Nge2
c6 9. O-O-O a6 10. Kb1 Qe7 11. d5 c5 12. g4 b5 13. cxb5 axb5 14. Nxb5 Nb6 15.
Nec3 Bd7 16. h4 Rfb8 17. h5 Na4 18. b3 Nxc3+ 19. Nxc3 Qd8 20. Rc1 Qa5 21. Bc4
Rb4 22. Rc2 Rab8 23. Ka1 R8b7 24. Bg5 Be8 25. Qh2 Kf8 26. Bd2 Qa7 27. Qh4 Ng8
28. Na4 Rxc4 29. Rxc4 Qb8 30. hxg6 hxg6 31. Nb2 Bb5 32. Rc2 Be2 33. Qf2 Bb5 34.
Nc4 Be8 35. Be3 Ne7 36. Bh6 Bxh6 37. Rxh6 Ng8 38. Rh8 f6 39. Qh4 Qd8 40. Rh2 Rg7
41. Rh7 Rxh7 42. Qxh7 Qb8 43. Kb2 Qb4 44. Qc7 1-0

[Event "Chigorin Memorial"]
[Site "St Petersburg RUS"]
[Date "2012.10.27"]
[Round "1.82"]
[White "Gantsevich, Aleksei"]
[Black "Chekhov, Sergei"]
[Result "0-1"]
[BlackTitle "FM"]
[WhiteElo "2046"]
[BlackElo "2443"]
[WhiteFideId "24131610"]
[BlackFideId "4195639"]
[EventDate "2012.10.27"]

1. Nf3 Nf6 2. g3 g6 3. Bg2 Bg7 4. O-O O-O 5. d3 c5 6. e4 d6 7. a4 Nc6 8. c3 Qc7
9. Na3 a6 10. Re1 Bd7 11. Nh4 Rab8 12. f4 b5 13. axb5 axb5 14. Nf3 Nh5 15. Bd2
Na5 16. e5 Bg4 17. b4 cxb4 18. cxb4 Nc6 19. Qc1 Rfc8 20. Kh1 Qd7 21. Qb1 Bxf3
22. Bxf3 dxe5 23. f5 Qxf5 24. Rf1 e4 25. Bxe4 Nxg3+ 26. Kg2 Qxf1+ 27. Qxf1 Nxf1
28. Rxf1 Nd4 29. Bf4 Rb6 30. Be3 f5 31. Bd5+ e6 32. Bf3 Rc3 33. Nb1 Rxd3 0-1

[Event "Chigorin Memorial"]
[Site "St Petersburg RUS"]
[Date "2012.10.27"]
[Round "1.83"]
[White "Mammadov, Zaur"]
[Black "Azimova, Karina"]
[Result "1-0"]
[WhiteTitle "IM"]
[WhiteElo "2442"]
[BlackElo "2044"]
[WhiteFideId "13401033"]
[BlackFideId "4108310"]
[EventDate "2012.10.27"]

1. d4 Nf6 2. Nf3 d6 3. Bf4 g6 4. Nbd2 Bg7 5. e4 O-O 6. Bd3 c5 7. dxc5 dxc5 8.
O-O Nc6 9. Qc1 Bg4 10. Ne5 Nd4 11. Nxg4 Nxg4 12. Rd1 b5 13. h3 Nf6 14. a4 a6 15.
Be3 c4 16. Bf1 Ne6 17. Nxc4 Qc7 18. Nb6 Rab8 19. Nd5 Nxd5 20. exd5 Nc5 21. axb5
axb5 22. Bh6 Rfd8 23. Bxg7 Kxg7 24. Qe3 Rb6 25. b4 Na6 26. Ra5 Rf6 27. c3 Qd6
28. Bxb5 1-0

[Event "Chigorin Memorial"]
[Site "St Petersburg RUS"]
[Date "2012.10.27"]
[Round "1.84"]
[White "Grinblat, Artemiy"]
[Black "Matinian, Nikita"]
[Result "0-1"]
[BlackTitle "IM"]
[WhiteElo "2043"]
[BlackElo "2439"]
[WhiteFideId "14135272"]
[BlackFideId "24129100"]
[EventDate "2012.10.27"]

1. e4 e5 2. Nf3 Nc6 3. d4 exd4 4. Nxd4 Bc5 5. Nxc6 Qf6 6. Qf3 bxc6 7. Nd2 Qxf3
8. gxf3 Ne7 9. Nb3 Bb6 10. c4 c5 11. Be3 d6 12. Rg1 O-O 13. f4 a5 14. a3 f5 15.
e5 a4 16. Nc1 dxe5 17. fxe5 f4 18. Bd2 Ba6 19. Nd3 Rad8 20. O-O-O Bxc4 21. Nxc5
Ba2 22. Nd3 Nc6 23. Bc3 Nd4 24. Nb4 Nb3+ 25. Kc2 Na1+ 26. Kc1 Bxf2 0-1

[Event "Chigorin Memorial"]
[Site "St Petersburg RUS"]
[Date "2012.10.27"]
[Round "1.85"]
[White "Bajarani, Ulvi"]
[Black "Grachev, Andrey"]
[Result "1-0"]
[WhiteTitle "IM"]
[WhiteElo "2436"]
[BlackElo "2040"]
[WhiteFideId "13403028"]
[BlackFideId "24138290"]
[EventDate "2012.10.27"]

1. e4 e6 2. d4 d5 3. Nc3 Bb4 4. e5 c5 5. a3 Bxc3+ 6. bxc3 Ne7 7. Qg4 Nbc6 8.
Qxg7 Rg8 9. Qxh7 cxd4 10. Ne2 Qc7 11. f4 dxc3 12. Qd3 d4 13. Nxd4 Nxd4 14. Qxd4
Bd7 15. Rb1 Nf5 16. Qf2 Qc6 17. Rb4 Qd5 18. Qf3 Bc6 19. Qxd5 Bxd5 20. Kf2 a5 21.
Rb1 Nd4 22. Rg1 Nxc2 23. Bd3 Nd4 24. Be3 Nc6 25. Rbc1 Kd7 26. Rxc3 Rh8 27. h3
Rag8 28. Bf1 Ne7 29. g4 Bc6 30. Bd2 Nd5 31. Rc1 Ke7 32. Kg3 Rd8 33. Be2 Rh7 34.
h4 Rg8 35. g5 Rhh8 36. h5 Rh7 37. Kf2 Rhh8 38. h6 Ke8 39. Bf3 Kd7 40. Rgd1 Ba4
41. Bxd5 Bxd1 42. Bxb7 Ba4 43. Bxa5 Rb8 44. Rc7+ Ke8 45. Bb4 Bd7 46. Bd6 Kd8 47.
a4 Bxa4 48. Rxf7 Ke8 49. Re7+ Kd8 50. Rg7 Rxb7 51. Rxb7 Be8 52. Re7 Bd7 53. h7 1-0

[Event "Chigorin Memorial"]
[Site "St Petersburg RUS"]
[Date "2012.10.27"]
[Round "1.86"]
[White "Kharchenko, Daniil"]
[Black "Airapetian, Gor"]
[Result "0-1"]
[BlackTitle "IM"]
[WhiteElo "2039"]
[BlackElo "2435"]
[WhiteFideId "24101664"]
[BlackFideId "4177916"]
[EventDate "2012.10.27"]

1. e4 e6 2. d4 d5 3. e5 c5 4. c3 Nc6 5. Nf3 Bd7 6. a3 c4 7. g3 f6 8. Qe2 Qc7 9.
exf6 gxf6 10. Bh3 e5 11. Bxd7+ Kxd7 12. O-O Re8 13. dxe5 Nxe5 14. Bf4 Bd6 15.
Nd4 Kc8 16. Nd2 Qd7 17. Rfe1 Ne7 18. Bxe5 fxe5 19. N4f3 Nc6 20. b3 e4 21. Nd4
cxb3 22. N2xb3 Ne5 23. Rab1 Nd3 24. Rf1 h5 25. h4 Nf4 26. Qe3 Qh3 0-1

[Event "Chigorin Memorial"]
[Site "St Petersburg RUS"]
[Date "2012.10.27"]
[Round "1.87"]
[White "Alekseenko, Kirill"]
[Black "Belov, Nikita"]
[Result "1-0"]
[WhiteTitle "FM"]
[WhiteElo "2434"]
[BlackElo "2034"]
[WhiteFideId "4135539"]
[BlackFideId "24167177"]
[EventDate "2012.10.27"]

1. e4 e6 2. Nf3 d5 3. Nc3 d4 4. Ne2 c5 5. Ng3 Nc6 6. Bb5 Bd7 7. O-O Bd6 8. c3 h5
9. cxd4 cxd4 10. d3 h4 11. Ne2 e5 12. Bg5 Be7 13. Qd2 Bxg5 14. Nxg5 f6 15. Nf3
g5 16. Rac1 Nh6 17. Rc5 Nf7 18. Rfc1 g4 19. Ne1 Ng5 20. b4 h3 21. Bxc6 Bxc6 22.
g3 Ne6 23. R5c2 Rh5 24. f4 f5 25. fxe5 fxe4 26. dxe4 Qg5 27. Nf4 Nxf4 28. gxf4
Qg7 29. Qd3 Qh6 30. Rf2 Kf7 31. b5 Bd7 32. Rc7 Qe6 33. f5 1-0

[Event "Chigorin Memorial"]
[Site "St Petersburg RUS"]
[Date "2012.10.27"]
[Round "1.88"]
[White "Bajaramov, Elvin"]
[Black "Sipila, Vilka"]
[Result "0-1"]
[BlackTitle "FM"]
[WhiteElo "2025"]
[BlackElo "2430"]
[WhiteFideId "24142514"]
[BlackFideId "505455"]
[EventDate "2012.10.27"]

1. e4 e5 2. Nf3 Nf6 3. Nc3 Bb4 4. Bc4 O-O 5. O-O d6 6. Qe2 c6 7. Bb3 a5 8. a4
Re8 9. d3 h6 10. Nd1 d5 11. c3 Bd6 12. Bc2 Nbd7 13. Ne3 Nf8 14. exd5 cxd5 15. d4
e4 16. Nd2 Ng6 17. g3 Be6 18. b3 h5 19. Qb5 h4 20. Ba3 Bc7 21. Bd1 Nh7 22. c4
hxg3 23. hxg3 Nf6 24. cxd5 Nxd5 25. Ndc4 Nxe3 26. Nxe3 Qxd4 27. Rc1 Rac8 28. Be2
Qb6 29. Rfd1 Red8 30. Nc4 Qa7 31. Bc5 Rxd1+ 32. Rxd1 Qb8 33. Nd6 Bxd6 34. Bxd6
Qa7 35. Bc4 Bxc4 36. bxc4 Nf8 37. Re1 Ne6 38. Rxe4 b6 39. Qh5 Qd7 40. Rh4 f6 41.
Qh8+ Kf7 42. Qh5+ g6 43. Qd5 Kg7 44. Rg4 Ng5 0-1